Práticas interdisciplinares na escola (Record no. 63959)

MARC details
000 -LÍDER
campo de controle de tamanho fixo 00418 a2200157 4500
001 - NÚMERO DE CONTROLE
campo de controle 63959
020 ## - ISBN - INTERNATIONAL STANDARD BOOK NUMBER
ISBN - International Standard Book Number 9788524903228
040 ## - FONTE DA CATALOGAÇÃO
Instituição que transcreveu o registro Anchieta - Pituba
100 ## - ENTRADA PRINCIPAL--NOME PESSOAL
Nome pessoal Fazenda, Ivani Catarina Arantes
240 10 - TÍTULO UNIFORME
Título uniforme Práticas interdisciplinares na escola
Idioma da obra por
245 10 - TÍTULO
Título Práticas interdisciplinares na escola
300 ## - DESCRIÇÃO FÍSICA
Extensão 147
362 0# - DATAS DE PUBLICAÇÃO E/OU DESIGNAÇÃO SEQUENCIAL
Datas de publicação e/ou designação sequencial 1999
650 #4 - ASSUNTO--TERMO TÓPICO
Cabeçalho tópico ou nome geográfico Professores e atividades relacionadas
942 ## - ELEMENTOS DE ENTRADA ADICIONADOS (KOHA)
Tipo de material Koha Livros
Holdings
Situação do descarte Situação das perdas Situação física Não pode ser emprestado Biblioteca de origem Biblioteca atual Data de aquisição Total de empréstimos Número de chamada completo Código de barras Data de último acesso Data do preço efetivo Tipo de material Koha
        Colégio Anchieta - Pituba Colégio Anchieta - Pituba 21/11/2023   371.1 P912p PRA 17563/PIT 21/11/2023 21/11/2023 Livros